POST MORTEM de Dillom - Estadísticas

Estadísticas generales
  • Esta prueba ha sido intentada 69 veces
  • La puntuación promedio es 15 de 18
Estadísticas de respuestas
Hint Respuesta % Correcto
ft. L-Gante HEGEMONICA
94%
- POST MORTEM
92%
ft. Saramalacara ROCKETPOWERS
92%
- LA PRIMERA
90%
- 220
88%
- AMIGOS NUEVOS
86%
- BICICLETA
86%
ft. Mario Pergolini DEMIAN
84%
- PELOTUDA
84%
- PISO 13
84%
- OPA
82%
ft. Muerejoven COACH
80%
- RILI RILI
78%
- REALITY
75%
- SIDE
75%
- DUO
71%
- TODA LA GENTE
69%
- BOHEMIAN GROOVE SKIT
65%
No se encontraron pruebas coincidentes
Distribución de puntuación
Porcentaje de gente con cada puntuación
Porcentaje por número respondido
Historial de tus puntuaciones
No has intentado esta prueba.